| 000 | 01843nam a22002657a 4500 | ||
|---|---|---|---|
| 999 |
_c21763 _d21763 |
||
| 003 | AR-CdUCM | ||
| 008 | 190425b ||||| |||| 00| 0 spa d | ||
| 040 |
_aMUNICIPALIDAD PROVINCIAL DEL CUSCO _cBIBLIOTECA MUNICIPAL DEL CUSCO |
||
| 082 | _aRev.Univ/N°109/1955 | ||
| 110 |
_aUniversidad Nacional de San Antonio Abad del Cusco _915942 |
||
| 245 |
_aRevista Universitaria : _bÓrgano de la Universidad del Cuzco / |
||
| 260 |
_aCusco : _bH.G. Rozas, _c1955. |
||
| 300 |
_a391 páginas. : _c20 cm. |
||
| 440 |
_aRevista Universitaria _nAño XLIV, 2° semestre 1955, N°109. _946004 |
||
| 505 | _aContenido: Castilla y la abolición de la esclavitud. Luis Felipe Paredes. -- Saldo final del problema de la emancipación. Arnold Toynbee. -- Aspecto socio económico del problema de la alfabetización del idioma Quechua. Carlos Núñez Anavitarte. -- Hacia la reforma de la legislación del registro fiscal de ventas a plazos. Rodolfo Zamalloa. -- Apuntes para un estudio fitogeográfico de la provincia de Paucartambo. Segundo Villasante Ortiz. -- Lo finito e infinito en Zenón de Elea. Raúl Vallejos. -- Concurso de la cátedra de resistencia de materiales. Eduardo Marmanillo. -- Semblanza del Obispo Dr. Manuel Mollinedo y Angulo. Maximiliano Moscoso. -- Causas negativas de la enseñanza de la Física en los colegios secundarios. Rhina Irigoyen Pinto. -- Colección de autores cuzqueños. Narcisco Arestegui. Padre Horán escenas de la vida cuzqueña, tomo II. | ||
| 650 |
_aRamón Castilla _98385 |
||
| 650 |
_aIdioma Quechua _927790 |
||
| 650 |
_aManuel de Mollinedo y Angulo _95791 |
||
| 700 |
_aParedes, Luis Felipe _916077 |
||
| 700 |
_aZamalloa Loayza, Rodolfo _946005 |
||
| 700 |
_aVillasante Ortiz, Segundo _927858 |
||
| 710 |
_aUniversidad Nacional de San Antonio Abad del Cusco _915942 |
||
| 942 |
_2ddc _cPP |
||
| 945 | _arac | ||